capitales modernes des ex-URSS, Tchécoslovaquie et Yougoslavie - Statistiques

Statistiques générales
  • Ce quiz a été pris 279 fois
    249 depuis la dernière actualisation
  • Le résultat moyen est 19 sur 24
Statistiques - réponses
pays capitales % Correct
Russie Moscou
98%
Ukraine Kiev
97%
Biélorussie Minsk
94%
Croatie Zagreb
92%
Bosnie-Herzégovine Sarajevo
91%
Tchéquie Prague
89%
Serbie Belgrade
88%
Lettonie Riga
88%
Estonie Tallinn
86%
Lituanie Vilnius
86%
Slovaquie Bratislava
84%
Slovénie Ljubljana
82%
Macédoine du Nord Skopje
82%
Azerbaidjan Bakou
80%
Arménie Erevan
80%
Moldavie Chisinau
78%
Kosovo Pristina
77%
Géorgie Tbilissi
74%
Kazakhstan Noursoultan
72%
Monténégro Podgorica
71%
Ouzbekistan Tachkent
55%
Turkmenistan Achgabat
49%
Kirghizistan Bichkek
48%
Tadjikistan Douchanbé
44%
Aucun quiz correspondant
Distribution des résultats
% des personnes avec chaque résultat
Percentile par nombre de réponses
Votre historique - résultats
Vous n’avez pas pris ce quiz depuis la dernière actualisation